The self-determination of minorities in international politics / (Record no. 184851)
[ view plain ]
| 000 -LEADER | |
|---|---|
| fixed length control field | 00824cam1a220026500 4500 |
| 001 - CONTROL NUMBER | |
| control field | lce02541961 |
| 005 - DATE AND TIME OF LATEST TRANSACTION | |
| control field | 20190830103754.0 |
| 008 - FIXED-LENGTH DATA ELEMENTS--GENERAL INFORMATION | |
| fixed length control field | 890810s1990 nju b 001 0 eng |
| 010 ## - LIBRARY OF CONGRESS CONTROL NUMBER | |
| LC control number | 89035992 |
| 020 ## - INTERNATIONAL STANDARD BOOK NUMBER | |
| International Standard Book Number | 0714633844 |
| 035 ## - SYSTEM CONTROL NUMBER | |
| System control number | (Sirsi) r25201 |
| 035 ## - SYSTEM CONTROL NUMBER | |
| System control number | (DLC) 89035992 |
| 035 ## - SYSTEM CONTROL NUMBER | |
| System control number | (UPRA)lce02541961 |
| 040 ## - CATALOGING SOURCE | |
| Original cataloging agency | DLC |
| Transcribing agency | DLC |
| Modifying agency | DLC |
| 050 00 - LIBRARY OF CONGRESS CALL NUMBER | |
| Classification number | JX4054 |
| Item number | .H46 1990 |
| 082 00 - DEWEY DECIMAL CLASSIFICATION NUMBER | |
| Classification number | 320.1/5/ |
| Edition number | 20 |
| 100 1# - MAIN ENTRY--PERSONAL NAME | |
| Personal name | Heraclides, Alexis. |
| Linkage | A78113.1 |
| 245 14 - TITLE STATEMENT | |
| Title | The self-determination of minorities in international politics / |
| Statement of responsibility, etc. | Alexis Heraclides. |
| 260 ## - PUBLICATION, DISTRIBUTION, ETC. | |
| Place of publication, distribution, etc. | Totowa, N.J. : |
| Name of publisher, distributor, etc. | F. Cass, |
| Date of publication, distribution, etc. | 1990. |
| 263 ## - PROJECTED PUBLICATION DATE | |
| Projected publication date | 9002 |
| 504 ## - BIBLIOGRAPHY, ETC. NOTE | |
| Bibliography, etc. note | Includes bibliographical references. |
| 650 #0 - SUBJECT ADDED ENTRY--TOPICAL TERM | |
| Topical term or geographic name entry element | Self-determination, National. |
| Linkage | S25296.1 |
| 949 ## - LOCAL PROCESSING INFORMATION (OCLC) | |
| a | JX4054 |
| w | lcc |
| i | 33729001756985 |
| m | MAIN |
| p | 2500 |
| t | BOOK |
| l | ON-SHELF |
No items available.